Hướng dẫn môn học Luật dân sự Tập 2

Cuốn sách nghiên cứu xuyên suốt Bộ luật dân sự năm 2015. Ngoài phần lý thuyết giải quyết những kiến thức chuyên môn cơ bản còn có liệt kê một số câu hỏi ở dạng trắc nghiệm và dạng câu hỏi tự luận, vấn đáp....

Ausführliche Beschreibung

Gespeichert in:
Bibliographische Detailangaben
1. Verfasser: Phạm Văn Tuyết
Format: Buch
Sprache:Vietnamese
Veröffentlicht: H. Tư pháp 2017
Schlagworte:
Tags: Tag hinzufügen
Keine Tags, Fügen Sie den ersten Tag hinzu!
Thư viện lưu trữ: Thư viện Trường Đại học Nam Cần Thơ
LEADER 01234nam a22002057a 4500
001 NCT_135345
008 220608b xxu||||| |||| 00| 0 vie d
999 |c 6982  |d 6982 
020 |a 9786048110734  |c 135000 
082 0 4 |2 23rd ed.  |a 346.597  |b T258/T.2 
100 1 |a Phạm Văn Tuyết 
245 1 0 |a Hướng dẫn môn học Luật dân sự  |c Phạm Văn Tuyết  |n Tập 2 
260 |a H.  |b Tư pháp  |c 2017 
300 |a 575 tr.  |c 21cm 
520 3 |a Cuốn sách nghiên cứu xuyên suốt Bộ luật dân sự năm 2015. Ngoài phần lý thuyết giải quyết những kiến thức chuyên môn cơ bản còn có liệt kê một số câu hỏi ở dạng trắc nghiệm và dạng câu hỏi tự luận, vấn đáp. 
653 |a Luật học 
942 |2 ddc  |c BK 
952 |0 0  |1 0  |2 ddc  |4 0  |6 346_597000000000000_T258_T_2  |7 0  |9 24896  |a 000001  |b 000001  |d 2022-06-08  |o 346.597 T258/T.2  |p MD.19591  |r 2022-06-08  |v 135000.00  |w 2022-06-08  |y BK 
952 |0 0  |1 0  |2 ddc  |4 0  |6 346_597000000000000_T258_T_2  |7 0  |9 24897  |a 000001  |b 000001  |d 2022-06-08  |o 346.597 T258/T.2  |p MD.19592  |r 2022-06-08  |v 135000.00  |w 2022-06-08  |y BK 
980 |a Thư viện Trường Đại học Nam Cần Thơ